|
|
|
|
| LEADER |
02463nam a2200517 i 4500 |
| 001 |
32768 |
| 003 |
BD-DhAAL |
| 005 |
20180321105705.0 |
| 007 |
ta |
| 008 |
180308t2014 bg ab b 001 0 eng d |
| 999 |
|
|
|c 39156
|d 39156
|
| 010 |
|
|
|a 2014359517
|
| 020 |
|
|
|a 9789843365781
|
| 020 |
|
|
|a 984336578X
|
| 025 |
|
|
|a B-E-2014-359517; 06
|
| 035 |
|
|
|a (OCoLC)ocn884627086
|
| 035 |
|
|
|a (OCoLC)884627086
|
| 037 |
|
|
|b Library of Congress -- New Delhi Overseas Office
|
| 040 |
|
|
|a DKAGE
|b eng
|c DKAGE
|e rda
|d DLC
|d OCLCF
|
| 042 |
|
|
|a lccopycat
|a lcode
|
| 043 |
|
|
|a a-ii---
|a a-bg---
|
| 050 |
0 |
0 |
|a NB159.I4
|b H28 2014
|
| 082 |
0 |
4 |
|a 738.82095414
|2 23
|
| 100 |
1 |
|
|a Haque, Zulekha,
|d 1938-
|9 25117
|
| 245 |
1 |
0 |
|a Terracottas of Bengal :
|b an analytical study (with 276 illustration) /
|c Zulekha Haque.
|
| 246 |
3 |
|
|a Terracotta decorations on the monuments of late mediaeval Bengal
|
| 260 |
|
|
|a Dhaka :
|b International Centre for Study of Bengal Art,
|c 2014.
|
| 300 |
|
|
|a 344 pages :
|b illustrations (chiefly color), map ;
|c 31 cm.
|
| 490 |
1 |
|
|a Studies in Bengal art series ;
|v no. 11
|
| 500 |
|
|
|a "Updated version of ... [the author's] post-graduate dissertation done in the University of Oxford under the title, 'Terracotta decorations on the monuments of late mediaeval Bengal'"--Pref.
|
| 504 |
|
|
|a Includes bibliographical references (pages 333-340) and index.
|
| 520 |
|
|
|a On terracotta plaques in the archaeological sites found both in East and West Bengal. Studied in the context of history, society and its peoples.
|
| 526 |
|
|
|a AAL
|
| 541 |
|
|
|a Complimentary copy from the International Centre for Study of Bengal Art.
|e 32768
|
| 650 |
|
0 |
|a Terra-cotta sculpture, Indic
|z India
|z Bengal.
|9 25118
|
| 650 |
|
0 |
|a Terra-cotta sculpture, Indic
|z Bangladesh.
|9 25119
|
| 650 |
|
0 |
|a Sculpture, Medieval
|z India
|z Bengal.
|9 25120
|
| 650 |
|
0 |
|a Relief (Sculpture)
|z India
|z Bengal.
|9 25121
|
| 650 |
|
0 |
|a Relief (Sculpture)
|z Bangladesh.
|9 25122
|
| 650 |
|
0 |
|a Clothing and dress in art.
|9 25123
|
| 650 |
|
0 |
|a Jewelry in art.
|9 25124
|
| 651 |
|
0 |
|a Bengal (India)
|x Antiquities.
|9 25125
|
| 651 |
|
0 |
|a Bangladesh
|x Antiquities.
|9 25126
|
| 830 |
|
0 |
|a Studies in Bengal art series ;
|v no. 11.
|9 25127
|
| 942 |
|
|
|2 ddc
|c BK
|
| 952 |
|
|
|0 0
|1 0
|2 ddc
|4 0
|6 738_820954140000000_HAQ
|7 0
|9 62922
|a BRACUL
|b BRACUL
|c GEN
|d 2018-03-18
|e Complimentary copy from the International Centre for Study of Bengal Art.
|l 2
|o 738.82095414 HAQ
|p 3010032768
|r 2024-04-29
|s 2024-04-21
|t 1
|w 2018-03-18
|y BK
|